Normal view
MARC view
- Ljung Lennart
Entry Personal Name
001 - CONTROL NUMBER
- control field: 9896
003 - CONTROL NUMBER IDENTIFIER
- control field: NUST
005 - DATE AND TIME OF LATEST TRANSACTION
- control field: 20180124170549.0
008 - FIXED-LENGTH DATA ELEMENTS
- fixed length control field: 180124|| aca||aabn | a|a d
040 ## - CATALOGING SOURCE
- Original cataloging agency: NUST
- Transcribing agency: NUST
100 ## - HEADING--PERSONAL NAME
- Personal name: Ljung Lennart
670 ## - SOURCE DATA FOUND
- Source citation: Work cat.: (NUST)325877: Ljung Lennart, System Identification; theory for the user, 2/e, 1999
